000 00880nmc a2200313 a 4500
003 AR-BaBNM
005 20251128203012.0
008 011101s1990 ||||||||||||||000 | spa||
020 _a84-7509-624-7
040 _cAR-BaBNM
100 1 _aArcá, M.
245 1 0 _aEnseñar ciencia
_bcómo empezar : reflexiones para una educación científica de base
250 _a1ª ed.
260 _aBuenos Aires
_bPaidós
_c1990
300 0 _a207 p.
490 0 _aPaidós educador. Rosa Sensat
_vv. 97
500 0 _aContiene índice de las materias
650 4 _aENSEÑANZA DE LA CIENCIA
650 4 _aDIDACTICA
650 4 _aENSENANZA DE LA FISICA
650 4 _aCIENCIAS [NIVEL PRIMARIO]
650 4 _aMETODOS DE ENSENANZA
650 4 _aMETODO DEDUCTIVO
650 4 _aMETODO INDUCTIVO
700 1 _aGuidoni, P.
700 1 _aMazzoli, P.
942 _cBK
998 _claura
999 _c1465
_d1465